| 000 | 00737nam a22001817a 4500 | ||
|---|---|---|---|
| 999 |
_c15060 _d15060 |
||
| 003 | OSt | ||
| 082 | _2631.3 AHA/TR | ||
| 088 | _aP 10 | ||
| 100 |
_aAHAMMED KABEER T _aANAS K. ASSAINAR _aSHIVAJI K. P _aSUNIL B _93892 |
||
| 245 | _aTrials on tractor front mounted paddy harvester | ||
| 260 |
_aTavanur 1992 _bDepartment of Farm Power Machinery and Energy |
||
| 300 | _a60 | ||
| 500 | _aTrials on tractor front mounted paddy harvester | ||
| 520 | _aprototype unit of the tractor, bharath industrial corporation punjab. front mounted attachment . crop row dividers, star wheel cutter bar assembly | ||
| 700 |
_aDr. M Sivaswami (Guide) _93547 |
||
| 856 | _uhttps://drive.google.com/open?id=1D0lOgHFUHa2IZ1iouyzt0KXt7E8uOL0R | ||
| 942 | _cPR | ||